LIBRARY & INFORMATION CENTRE, KCAET, TAVANUR

ONLINE PUBLIC ACCESS CATALOGUE (OPAC)

DC and AC machines: based on fundamental laws / (Record no. 5562)

MARC details
000 -LEADER
fixed length control field 00450cam a2200169ua 4500
003 - CONTROL NUMBER IDENTIFIER
control field OSt
008 - FIXED-LENGTH DATA ELEMENTS--GENERAL INFORMATION
fixed length control field 241223b |||||||| |||| 00| 0 eng d
041 ## - LANGUAGE CODE
Language code of text/sound track or separate title eng
082 ## - DEWEY DECIMAL CLASSIFICATION NUMBER
Classification number 621.3133
Item number LIW/DC
100 ## - MAIN ENTRY--AUTHOR NAME
Personal name Liwschitz Garik, Michael .
245 ## - TITLE STATEMENT
Title DC and AC machines: based on fundamental laws /
250 ## - EDITION STATEMENT
Edition statement 1 /
260 ## - PUBLICATION, DISTRIBUTION, ETC. (IMPRINT)
Place of publication Toronto :
Name of publisher D Van nostrand co ,
Year of publication 1968.
300 ## - PHYSICAL DESCRIPTION
Number of Pages 507 ; .
700 1# - ADDED ENTRY--PERSONAL NAME
Personal name Well, Robert T .
942 ## - ADDED ENTRY ELEMENTS (KOHA)
Koha item type Books
Holdings
Withdrawn status Lost status Damaged status Home library Current library Date acquired Full call number Accession Number Koha item type
      KAUAET KAUAET 07/04/2012 621.3133 LIW/DC 12186 Books
free website counter